000 00605nam a2200217 a 4500
999 _c2649
_d2649
001 2649
003 BD-JhCC
005 20171105185529.0
008 171105s1371 b ||||| |||| 00| 0 b d
035 _a(BD-JhCC)2649
040 _aBD-JhCC
_dBD-JhCC
041 _aben
082 _a891.443
_bBUS 1371
100 _aবসু, মনোজ
245 _aস্বর্ণসজ্জা /
_cমনোজ বসু
260 _aঢাকা :
_b১৪,নবদ্বীপ বসাক,
_c১৩৭১
300 _a142 p. :
_c22cm.
650 _aBengali Novel
942 _2ddc
_cBK